Alternativas campesinas: modernización en el agro y movimiento campesino en Centroamérica /
Сохранить в:
| Главный автор: | |
|---|---|
| Другие авторы: | , |
| Формат: | Неизвестно |
| Опубликовано: |
Managua:
Latino Editores. CRIES
|
| Предметы: | |
| Метки: |
Добавить метку
Нет меток, Требуется 1-ая метка записи!
|
MARC
| LEADER | 00000 a2200000 04500 | ||
|---|---|---|---|
| 001 | 10487 | ||
| 003 | |||
| 008 | 991231s d | ||
| 040 | |||
| 090 | |a 136506 | ||
| 100 | |a Tangermann, Klaus - Dieter | ||
| 245 | |a Alternativas campesinas: modernización en el agro y movimiento campesino en Centroamérica / |c Klaus - Dieter Tangermann | ||
| 260 | |a Managua: |b Latino Editores. CRIES | ||
| 300 | |a 320 p. | ||
| 650 | |a MOVIMIENTOS CAMPESINOS | ||
| 650 | |a DEMOCRACIA | ||
| 650 | |a GRUPOS SOCIALES | ||
| 650 | |a AMERINDIOS | ||
| 650 | |a POBLACION RURAL | ||
| 650 | |a ESTADO | ||
| 650 | |a POLITICA GUBERNAMENTAL | ||
| 650 | |a PODER DE LA COMUNIDAD | ||
| 700 | |a coord | ||
| 700 | |a Ríos Valdés, Ivana | ||
| 700 | |a coord | ||
| 999 | |c 8688 |d 8688 | ||
